Book of OSPE (UHS Pattern) (Record no. 26035)
[ view plain ]
| 000 -LEADER | |
|---|---|
| fixed length control field | 00349nam a22001457a 4500 |
| 005 - DATE AND TIME OF LATEST TRANSACTION | |
| control field | 20230717140028.0 |
| 008 - FIXED-LENGTH DATA ELEMENTS--GENERAL INFORMATION | |
| fixed length control field | 230717b |||||||| |||| 00| 0 eng d |
| 082 ## - DEWEY DECIMAL CLASSIFICATION NUMBER | |
| Classification number | 616 |
| Item number | NAF-B |
| 100 ## - MAIN ENTRY--AUTHOR | |
| Author Name | Muhammad Nafees |
| 245 ## - TITLE STATEMENT | |
| Title | Book of OSPE (UHS Pattern) |
| 260 ## - PUBLICATION, DISTRIBUTION, ETC. | |
| Place of Publication | Pakistan |
| 650 ## - SUBJECT ADDED ENTRY--TOPICAL TERM | |
| Subject / Department | Medical/Pathology |
| 700 ## - ADDED ENTRY--PERSONAL NAME | |
| Personal name | Muhammad Nafees |
| 952 ## - LOCATION AND ITEM INFORMATION (KOHA) | |
| -- | 0 |
| -- | 0 |
| 952 ## - LOCATION AND ITEM INFORMATION (KOHA) | |
| -- | 0 |
| -- | 0 |
| Lost status | Damaged status | Permanent Location | Current Location | Shelving Location | Date acquired | Full Call Number | Accession No./Barcode | Date last seen | Copy number | item type |
|---|---|---|---|---|---|---|---|---|---|---|
| Superior Information Resource Center (SIRC) Superior University- Central Library | Superior Information Resource Center (SIRC) Superior University- Central Library | Medical | 07/17/2023 | 616 NAF-B | 20169 | 07/17/2023 | 1 | BOOK | ||
| Superior Information Resource Center (SIRC) Superior University- Central Library | Superior Information Resource Center (SIRC) Superior University- Central Library | Medical | 07/17/2023 | 616 NAF-B | 20170 | 07/17/2023 | 2 | BOOK |
